000 00404nam a22001697a 4500
003 NUST - PNEC
005 20170116181000.0
008 150912b xxu||||| |||| 00| 0 eng d
020 _a0890068631
040 _cLIBRARY
082 _a621.3815 SIG
100 _99462
_aSigCad
245 _aGSPICE for Windows
_cSigCad
260 _cc.1996
650 _99463
_bMS Communication
_xMSCom
942 _2ddc
_cBK
999 _c66671
_d66671